书目信息 |
| 题名: |
王杰 —— “小马驹”的英雄梦
|
|
| 作者: | 王巨成 著 | |
| 分册: | ||
| 出版信息: | 北京 党建读物出版社 2019.04 |
|
| 页数: | 186页 | |
| 开本: | 19cm | |
| 丛书名: | 中华人物故事汇 | |
| 单 册: | ||
| 中图分类: | K825.2=72 | |
| 科图分类: | ||
| 主题词: | 军事人物--jun shi ren wu--生平事迹--中国--现代--青少年读物 | |
| 电子资源: | ||
| ISBN: | 978-7-5099-1084-9 | |
| 000 | 01206nam 2200265 450 | |
| 001 | 28472 | |
| 005 | 20221010192758.70 | |
| 010 | @a978-7-5099-1084-9@dCNY22.00 | |
| 100 | @a20190929d2019 cemy0chiy50 ea | |
| 101 | 0 | @achi |
| 102 | @aCN@b110000@aCN@b450000 | |
| 105 | @aa z 000yd | |
| 200 | 1 | @a王杰 —— “小马驹”的英雄梦@Awang jie —— “xiao ma ju”de ying xiong meng@f王巨成著 |
| 210 | @a北京@c党建读物出版社@a南宁@c接力出版社@d2019.04 | |
| 215 | @a186页@c图@d19cm | |
| 225 | 2 | @a中华人物故事汇@Azhong hua ren wu gu shi hui@i中华先锋人物故事汇@h第一辑 |
| 314 | @a王巨成, 江苏扬州人, 中国作家协会会员, 一级作家。 | |
| 330 | @a本书以王杰不想当胆小鬼, 想当勇敢的解放军这个理想为中心, 通过一个个真实而生动的故事, 凸显了王杰勇敢无畏、乐于助人、善良无私的品质, 让少年儿童看到了一个更加真实、更加亲切、更加立体的英雄形象, 从而受到感染、熏陶与教育。 | |
| 410 | 0 | @12001 @a中华人物故事汇@i中华先锋人物故事汇@h第一辑 |
| 600 | 0 | @a王杰,@Awang jie@f1942-1965@x生平事迹@j青少年读物 |
| 606 | 0 | @a军事人物@Ajun shi ren wu@x生平事迹@y中国@z现代@j青少年读物 |
| 690 | @aK825.2=72@v5 | |
| 701 | 0 | @a王巨成@Awang ju cheng@4著 |
| 801 | 0 | @aCN@c20220910 |
| 905 | @a河南城建学院图书馆@dK825.2=72@eW231@f2 | |
| 王杰 —— “小马驹”的英雄梦/王巨成著.-北京:党建读物出版社;南宁:接力出版社,2019.04 |
| 186页:图;19cm.-(中华人物故事汇.中华先锋人物故事汇.第一辑) |
| ISBN 978-7-5099-1084-9:CNY22.00 |
| 本书以王杰不想当胆小鬼, 想当勇敢的解放军这个理想为中心, 通过一个个真实而生动的故事, 凸显了王杰勇敢无畏、乐于助人、善良无私的品质, 让少年儿童看到了一个更加真实、更加亲切、更加立体的英雄形象, 从而受到感染、熏陶与教育。 |
| ● |
| 相关链接 |
|
|
|
正题名:王杰 —— "小马驹"的英雄梦
索取号:K825.2=72/W231
 
预约/预借
| 序号 | 登录号 | 条形码 | 馆藏地/架位号 | 状态 | 备注 |
| 1 | 1581497 | 215814974 | 社科库309/309社科库 47排7列3层/ [索取号:K825.2=72/W231] | 在馆 | |
| 2 | 1581498 | 215814983 | 社科库309/309社科库 47排7列3层/ [索取号:K825.2=72/W231] | 在馆 |